01032cam a22002655i 4500999001700000003000900017005001700026008004100043017001500084040004300099082002600142100005200168245007100220264008500291300003000376336002600406337003500432338002900467490003700496650007100533651001000604653001700614942001200631952012300643 c12763d12763EG-ScBUE20200122122042.0200122s1999 ua g 000 p ara d a99 / 13620 aEG-ScBUEbaraerdacEG-ScBUEdEG-ScBUE04a892.716bب ي ا2221 aبياتي، عبد الوهاب،eمؤلف.10aقمر شيراز :bشعر /cعبد الوهاب البياتي. 1aالقاهرة :bالهيئة العامة لقصور الثقافة،c1999. a133 صفحة ؛c22 سم. aنصbtxt2rdacontent aبدون وسيطbn2rdamedia aمجلدbnc2rdacarrier0 aآفاق الكتابة ؛v29 7aالشعر العربيvدواوين وقصائد.2BUEsh97996 2BUEsh bARALITbGGEN 2ddccBB 00102ddc40708Alef-BaaaMAINbMAINc2NDd2009-09-08ePurchaseo892.716 ب ي اp000018244r2025-07-15 00:00:00yBB